[Event "Challenge"]
[Site "http://www.queenalice.com/game.php?id=1042224"]
[Date "2012.3.24"]
[Round "-"]
[White "homoerectus"]
[Black "Jorgecas"]
[Result "1-0"]
[WhiteElo "1745"]
[BlackElo "1606"]

1. e4 e5 2. d4 Qf6 3. d5 c6 4. Bc4 Bc5 5. Nf3 h6 6. O-O d6 7. Nc3 Bg4 8. h3 Bxf3
9. Qxf3 Qxf3 10. gxf3 Nf6 11. Be3 cxd5 12. Nxd5 Nbd7 13. Nc7+ Ke7 14. Nxa8 Rxa8
15. Bxc5 Nxc5 16. b4 Na4 17. a3 Nc3 18. Rae1 Nh5 19. Re3 Na4 20. Bb5 Nb6 21. Rc3
Nf4 22. Rc7+ Kf6 23. Rxb7 a6 24. Bc6 Nxh3+ 25. Kh2 Ng5 26. Rxb6 Rc8 27. Rxa6
Nxf3+ 28. Kg3 Nd2 29. Rd1 Nc4 30. Bd5 Nb2 31. Rd2 Ke7 32. Ra7+ Kf6 33. Bxf7 Rc6
34. Bd5 Rc3+ 35. f3 Nc4 36. Bxc4 Rxc4 37. Rxd6+ Kg5 38. Rxg7+ Kh5 39. Rd5 Rxe4
40. Rg4 Re1 41. Rh4+ Kg6 42. Rd6+ Kg5 43. Rhxh6 Rg1+ 44. Kf2 Rc1 45. Rdg6+ Kf4
46. Rg4+ Kf5 47. c4 Rc2+ 48. Kg3 Rc3 49. a4 Ra3 50. Rh5+ Kf6 51. a5 Ra4 52. Rh6+
Kf5 53. Rb6 Ra1 54. a6 Rg1+ 55. Kh2 Ra1 56. b5 Rf1 57. Kg2 Ra1 58. c5 Ra2+ 59.
Kg3 Ra3 60. c6 Ke6 61. c7+ Kd7 62. Rg7+ Kc8 63. Rb8# 1-0

[Event "Challenge"]
[Site "http://www.queenalice.com/game.php?id=1043305"]
[Date "2012.3.27"]
[Round "-"]
[White "Jorgecas"]
[Black "homoerectus"]
[Result "0-1"]
[WhiteElo "1632"]
[BlackElo "1757"]

1. e4 e5 2. Qf3 d6 3. Bc4 Nf6 4. d3 Nc6 5. Bb5 Bd7 6. Bxc6 Bxc6 7. Bg5 Be7 8.
Bxf6 Bxf6 9. Nh3 d5 10. Na3 O-O 11. g4 d4 12. g5 Be7 13. Nc4 Bb4+ 14. c3 dxc3
15. b3 Qe7 16. a3 Bc5 17. Qg3 g6 18. Nxe5 Bd6 19. f4 f6 20. d4 fxe5 21. fxe5
Bxe4 22. exd6 cxd6 23. Rf1 Bg2+ 24. Kd1 Rxf1+ 25. Kc2 Be4+ 26. Kxc3 Rc8+ 27. Kb4
d5+ 28. Ka4 Rxa1 29. b4 Bc2+ 30. Kb5 Qd7+ 0-1

[Event "Let's Play Chess!"]
[Site "http://www.queenalice.com/game.php?id=1043802"]
[Date "2012.3.29"]
[Round "-"]
[White "smcneil"]
[Black "homoerectus"]
[Result "1-0"]
[WhiteElo "1837"]
[BlackElo "1768"]

1. e4 e5 2. Nf3 d6 3. Bc4 h6 4. O-O Bg4 5. d3 a6 6. a4 Nc6 7. c3 Nf6 8. Nbd2 g5
9. Qb3 d5 10. exd5 Na5 11. Qa2 Bxf3 12. Nxf3 Nxc4 13. dxc4 Bd6 14. Re1 e4 15.
Nd4 Qd7 16. Qb3 Rb8 17. Qd1 Bf4 18. Bxf4 gxf4 19. f3 e3 20. Qd3 O-O 21. Nf5 Rbe8
22. Nxh6+ Kg7 23. Nf5+ Kh8 24. Nh4 Rg8 25. Qd4 Qd6 26. b4 b6 27. c5 Qxd5 28.
Qxf6+ Rg7 29. Nf5 Rg8 30. Nxg7 Rxg7 31. Qxf4 Qd2 32. g3 Qxc3 33. Qxe3 Qxb4 34.
Qh6+ Kg8 35. Re8# 1-0

[Event "Let's Play Chess!"]
[Site "http://www.queenalice.com/game.php?id=1043803"]
[Date "2012.3.29"]
[Round "-"]
[White "homoerectus"]
[Black "smcneil"]
[Result "0-1"]
[WhiteElo "1747"]
[BlackElo "1813"]

1. e4 c5 2. e5 d5 3. d4 c4 4. c3 b5 5. Be2 e6 6. Nf3 h6 7. O-O Be7 8. b4 a5 9.
a3 Nd7 10. Bb2 Nb6 11. h3 Bg5 12. Nh2 Ne7 13. f4 Bh4 14. Bg4 Nf5 15. Bxf5 exf5
16. Bc1 O-O 17. Nd2 Na4 18. Qc2 Bg3 19. Ndf3 Be6 20. Be3 Kh8 21. Bf2 Bxf4 22.
Bh4 g5 23. g3 gxh4 24. gxf4 Rg8+ 25. Kh1 Rg3 26. Rg1 Rxh3 27. Qg2 Rg3 28. Qf2
Nxc3 29. Rxg3 hxg3 30. Qxg3 Ne4 31. Qg2 Qg8 32. Qxg8+ Rxg8 33. Nf1 Rg4 34. bxa5
Bc8 35. Ra2 Rxf4 36. N1h2 h5 37. Rg2 Kh7 38. Ng5+ Nxg5 39. Rxg5 Rxd4 40. Rxh5+
Kg7 41. Nf3 Rd3 42. a6 Rxa3 43. Nd4 Rxa6 44. Nxb5 Rh6 45. Rxh6 Kxh6 46. Kg2 Be6
47. Kf3 Kg5 48. Ke3 f4+ 49. Kd4 Kf5 50. Nc3 f3 51. Nd1 Kf4 52. Nf2 Kg3 53. Ne4+
Kf4 54. Nf2 Kg3 55. Ne4+ dxe4 56. Kxe4 f2 0-1

[Event "Abril-4"]
[Site "http://www.queenalice.com/game.php?id=1045315"]
[Date "2012.4.3"]
[Round "-"]
[White "Railton"]
[Black "homoerectus"]
[Result "0-1"]
[WhiteElo "1779"]
[BlackElo "1734"]

1. g3 e5 2. Bg2 d5 3. d4 e4 4. c4 Bf5 5. c5 c6 6. e3 Nh6 7. f4 Bg4 8. Ne2 f5 9.
h3 Bxe2 10. Qxe2 Qe7 11. b4 Na6 12. a3 b5 13. Bd2 O-O-O 14. h4 Ng4 15. Bh3 h5
16. Bxg4 fxg4 17. Nc3 g6 18. Rf1 Bh6 19. Kd1 Nc7 20. a4 a6 21. axb5 axb5 22. Bc1
Kd7 23. Qb2 Ra8 24. Ke2 Rxa1 25. Qxa1 Ra8 26. Ba3 Na6 27. Qb2 Rf8 28. Rf2 Rf5
29. Na2 Bg7 30. Qb3 Bf6 31. Bb2 g5 32. hxg5 Bxg5 33. fxg5 Qxg5 34. Qa3 Nc7 35.
Bc3 Rf3 36. Rxf3 gxf3+ 37. Kf2 h4 38. gxh4 Qg2+ 0-1

[Event "Challenge"]
[Site "http://www.queenalice.com/game.php?id=1048437"]
[Date "2012.4.13"]
[Round "-"]
[White "clovis"]
[Black "homoerectus"]
[Result "1-0"]
[WhiteElo "1904"]
[BlackElo "1755"]

1. e4 e5 2. Nf3 d6 3. d4 Bg4 4. dxe5 Bxf3 5. Qxf3 dxe5 6. Bc4 Nf6 7. Bg5 Be7 8.
Nc3 O-O 9. O-O h6 10. Bh4 g5 11. Bxg5 hxg5 12. Qf5 Nh7 13. Qxe5 Bf6 14. Qf5 Bxc3
15. bxc3 Nc6 16. f4 Ne7 17. Qg4 Ng6 18. fxg5 Nxg5 19. Rf5 Qe7 20. Rxg5 Kg7 21.
Rf1 c6 22. Bxf7 Rxf7 23. Rxg6+ Kh8 24. Rxf7 Qxf7 25. Rh6+ Qh7 26. Rxh7+ Kxh7 27.
Qd7+ Kh6 28. Qxb7 Rd8 29. Qxc6+ Kg5 30. Qd5+ Rxd5 31. exd5 Kf6 32. c4 Ke5 33. h4
1-0

[Event "Challenge"]
[Site "http://www.queenalice.com/game.php?id=1048800"]
[Date "2012.4.14"]
[Round "-"]
[White "leduar"]
[Black "homoerectus"]
[Result "1-0"]
[WhiteElo "1965"]
[BlackElo "1755"]

1. e4 e5 2. Nf3 d6 3. Bc4 h6 4. O-O a6 5. Nc3 Bg4 6. Nd5 c6 7. Ne3 Bxf3 8. Qxf3
Nf6 9. Ng4 Be7 10. c3 O-O 11. Qg3 Nh5 12. Qf3 Nf4 13. d4 Bg5 14. dxe5 dxe5 15.
Nxe5 b5 16. Bxf7+ Rxf7 17. Nxf7 Kxf7 18. Bxf4 Bxf4 19. Qxf4+ Kg8 20. Rfd1 Qe7
21. b4 Nd7 22. Qc7 Rd8 23. Qxc6 Kh7 24. Qb7 Qe6 25. Qd5 Qe7 26. e5 Re8 27. Qxd7
Qxe5 28. Qd4 Qf5 29. Re1 Rf8 30. Qe4 g5 31. Qxf5+ Rxf5 32. Rad1 Kg6 33. g4 Rf4
34. Rd6+ Kf7 35. Ree6 Rxg4+ 36. Kf1 h5 37. Rh6 h4 38. Rh7+ Kg8 39. Ra7 Rf4 40.
Rd8+ Rf8 41. Rxf8+ Kxf8 42. Rxa6 Ke7 43. Ra5 Kd6 44. Rxb5 g4 45. Rh5 h3 46. Rh4
1-0

[Event "Challenge"]
[Site "http://www.queenalice.com/game.php?id=1055001"]
[Date "2012.5.1"]
[Round "-"]
[White "kalabric"]
[Black "homoerectus"]
[Result "1-0"]
[WhiteElo "1860"]
[BlackElo "1813"]

1. e4 e5 2. Nf3 d6 3. Bc4 Bg4 4. h3 Bxf3 5. Qxf3 Nf6 6. d3 Nc6 7. Bg5 Be7 8. Nc3
Nd4 9. Qd1 O-O 10. O-O a6 11. Nd5 b5 12. Bb3 a5 13. c3 Nxb3 14. axb3 Nxd5 15.
Bxe7 Nxe7 16. Ra2 c5 17. Qe2 f5 18. g3 f4 19. g4 f3 20. Qe3 Rf4 21. Kh2 Ng6 22.
Rg1 Nh4 23. d4 Qc7 24. dxe5 dxe5 25. b4 c4 26. bxa5 Rxa5 27. Rxa5 Qb7 28. Qc5
Rxe4 29. Rxb5 Qa8 30. Qd6 Kf7 31. Rb8 Qxb8 32. Qxb8 Re2 33. Kg3 g5 34. Qc7+ Kg6
35. Rd1 Nf5+ 36. gxf5+ Kxf5 37. Qf7+ Ke4 38. Qxc4+ Kf5 39. Qg4+ Kf6 40. Qxf3+
Ke6 41. Qxe2 1-0

[Event "Challenge"]
[Site "http://www.queenalice.com/game.php?id=1055005"]
[Date "2012.5.1"]
[Round "-"]
[White "RMadrigal"]
[Black "homoerectus"]
[Result "0-1"]
[WhiteElo "1913"]
[BlackElo "1789"]

1. e4 e5 2. d3 d6 3. Nc3 Nf6 4. Bg5 Be7 5. Bxf6 Bxf6 6. Nf3 Bg4 7. Nd5 c6 8. Ne3
Bxf3 9. Qxf3 c5 10. c4 Nc6 11. O-O-O Qa5 12. Nd5 Nd4 13. Nxf6+ Ke7 14. Nd5+ Ke8
15. Qg4 g6 16. Qg5 Qd8 17. Nf6+ Kf8 18. Qh6+ Ke7 19. Nxh7 Kd7 20. Qg7 Qe7 21.
Nf6+ Kc6 22. Ng4 Qg5+ 23. Rd2 Qxg4 24. h3 Qe6 25. Kb1 Rag8 26. Qxg8 Rxg8 27. g3
f5 28. exf5 Qxf5 29. Bg2+ Kc7 30. Bd5 Rh8 31. h4 g5 32. Be4 Qg4 33. Re1 gxh4 34.
Rh1 h3 35. Rh2 Rf8 36. b3 a6 37. Bd5 Rh8 38. Kb2 b5 39. a3 a5 40. Ka2 a4 41.
bxa4 bxa4 42. Rh1 Nb3 0-1

[Event "Challenge"]
[Site "http://www.queenalice.com/game.php?id=1055406"]
[Date "2012.5.3"]
[Round "-"]
[White "Jorgecas"]
[Black "homoerectus"]
[Result "0-1"]
[WhiteElo "1539"]
[BlackElo "1729"]

1. e4 e5 2. Qf3 d6 3. Bc4 Nf6 4. h3 Nc6 5. d3 Nd4 6. Qd1 b5 7. Bb3 a5 8. a4 b4
9. Bd5 Rb8 10. Bg5 Be7 11. c3 bxc3 12. bxc3 Ne6 13. Bxf6 Bxf6 14. h4 Nf4 15.
Bc6+ Bd7 16. Bxd7+ Qxd7 17. Rh2 h5 18. g3 Ne6 19. Na3 O-O 20. Qxh5 Qxa4 21. Nf3
Rb3 22. Nd4 Nxd4 23. Qd1 Rxa3 24. Qxa4 Rxa4 25. Rxa4 Nf3+ 26. Ke2 Nxh2 27. Rxa5
Bd8 28. f3 f5 29. Ra8 f4 30. gxf4 exf4 31. Kf2 Bxh4+ 32. Kg2 Rxa8 33. Kxh2 Ra3
34. Kh3 Bg3 35. d4 Rxc3 36. Kg4 g5 37. Kxg5 Rxf3 38. Kg4 Rd3 39. d5 Rd4 40. Kf3
Rd3+ 41. Kg4 Bh2 42. Kf5 f3 0-1

[Event "Challenge"]
[Site "http://www.queenalice.com/game.php?id=1056660"]
[Date "2012.5.6"]
[Round "-"]
[White "Strogonoff"]
[Black "homoerectus"]
[Result "1-0"]
[WhiteElo "1858"]
[BlackElo "1739"]

1. e4 e5 2. Nf3 d6 3. d4 Bg4 4. dxe5 Bxf3 5. gxf3 dxe5 6. Qxd8+ Kxd8 7. Nc3 Bb4
8. Bd2 Nc6 9. a3 Bxc3 10. Bxc3 Nge7 11. Bb5 f6 12. O-O-O+ Kc8 13. Bb4 a6 14.
Bxc6 Nxc6 15. Bc3 b5 16. Rd5 Kb7 17. Rd7 Rhg8 18. Rhd1 Rad8 19. Bb4 Nxb4 20.
axb4 Kc8 21. Rf7 Rxd1+ 22. Kxd1 Kb7 23. Kd2 Kb6 24. b3 h5 25. c4 c6 26. c5# 1-0

[Event "Challenge"]
[Site "http://www.queenalice.com/game.php?id=1056661"]
[Date "2012.5.6"]
[Round "-"]
[White "JungJoe"]
[Black "homoerectus"]
[Result "1-0"]
[WhiteElo "1921"]
[BlackElo "1761"]

1. e4 e5 2. d3 d6 3. Nd2 Nf6 4. g3 Be7 5. Bg2 O-O 6. Ne2 c5 7. O-O Ng4 8. Nc4 b5
9. Na3 Bd7 10. Bd2 f5 11. exf5 Rxf5 12. Bxa8 Bc6 13. Bxc6 Nxc6 14. Nc1 Nf6 15.
g4 Nxg4 16. Qxg4 Rf6 17. Kh1 b4 18. Nc4 Nd4 19. Rg1 Rg6 20. Qh5 Rxg1+ 21. Kxg1
Qf8 22. Nb3 Nf3+ 23. Kg2 Nxd2 24. Ncxd2 1-0

[Event "Challenge"]
[Site "http://www.queenalice.com/game.php?id=1056670"]
[Date "2012.5.6"]
[Round "-"]
[White "rsgaspar"]
[Black "homoerectus"]
[Result "1-0"]
[WhiteElo "2007"]
[BlackElo "1744"]

1. e4 e5 2. Nf3 d6 3. d4 Bg4 4. dxe5 Bxf3 5. Qxf3 dxe5 6. Bc4 Nf6 7. Qb3 Kd7 8.
Nc3 Kc8 9. Bxf7 Bc5 10. Be6+ Nbd7 11. Bg5 h6 12. Bxf6 Qxf6 13. O-O-O Bd4 14. Na4
Rd8 15. c3 Qf4+ 16. Rd2 Bb6 17. Bxd7+ Rxd7 18. Qg8+ Rd8 19. Qxd8# 1-0

[Event "Challenge"]
[Site "http://www.queenalice.com/game.php?id=1056671"]
[Date "2012.5.6"]
[Round "-"]
[White "Paulsains"]
[Black "homoerectus"]
[Result "1-0"]
[WhiteElo "1944"]
[BlackElo "1752"]

1. e4 e5 2. Nf3 d6 3. Bc4 Bg4 4. O-O Nf6 5. d3 Nc6 6. Be3 a6 7. Nbd2 b5 8. Bb3
d5 9. exd5 Nxd5 10. Qe1 Bxf3 11. Nxf3 Be7 12. Bd2 f6 13. Qe4 Ndb4 14. a3 Nxc2
15. Qxc6+ Kf8 16. Qe6 Qe8 17. Bxc2 h6 18. Rac1 g5 19. Bb3 Rc8 20. Qf5 c5 21.
Nxe5 Kg7 22. Bf7 Rg8 23. Bxe8 Rcxe8 24. Qg6+ Kf8 25. Nd7# 1-0

[Event "Challenge"]
[Site "http://www.queenalice.com/game.php?id=1058996"]
[Date "2012.5.12"]
[Round "-"]
[White "Donyelko"]
[Black "homoerectus"]
[Result "1-0"]
[WhiteElo "1964"]
[BlackElo "1737"]

1. d4 d5 2. c4 Nf6 3. Bg5 e6 4. e3 Be7 5. Bxf6 Bxf6 6. Bd3 c6 7. Ne2 O-O 8. Qc2
Qa5+ 9. Nbc3 a6 10. Bxh7+ Kh8 11. Bd3 b5 12. cxb5 axb5 13. O-O Ba6 14. Ng3 b4
15. Nce2 Bxd3 16. Qxd3 Nd7 17. Nh5 g6 18. Nxf6 Nxf6 19. Ng3 Kg7 20. Rfc1 Rac8
21. Rc5 Qb6 22. Qb3 Nd7 23. Rc2 c5 24. Qd3 c4 25. Qd2 f6 26. Ne2 e5 27. dxe5
fxe5 28. Qxd5 Rfd8 29. Qe4 Qb5 30. Rac1 Nf6 31. Qh4 Rh8 32. Qg3 Rh5 33. f4 Rch8
34. h3 exf4 35. Nxf4 Rg5 36. Ne6+ Kh6 37. Qxg5+ Qxg5 38. Nxg5 Kxg5 39. Rxc4 Rb8
40. Rd1 b3 41. a3 Kh6 42. Rd6 Ne8 43. Ra6 Ng7 44. Rcc6 Nf5 45. Rxg6+ Kh5 46. g4+
Kh4 47. gxf5 Kxh3 48. Ra7 Rh8 49. Rd7 Rh4 50. Kf2 Kh2 51. Rd1 Rh5 52. Rg2+ Kh3
53. Rh1# 1-0

[Event "Challenge"]
[Site "http://www.queenalice.com/game.php?id=1065411"]
[Date "2012.5.29"]
[Round "-"]
[White "homoerectus"]
[Black "plot24"]
[Result "1-0"]
[WhiteElo "1754"]
[BlackElo "1752"]

1. e4 e5 2. Nf3 Nc6 3. Nc3 Nf6 4. Bb5 Bd6 5. Bxc6 dxc6 6. d4 Bg4 7. Bg5 Qe7 8.
O-O O-O-O 9. d5 c5 10. Qd3 h6 11. Bxf6 Qxf6 12. Nb5 Kb8 13. c4 Be7 14. Rfe1 g5
15. Re3 c6 16. Nc3 Rhg8 17. h3 Bh5 18. g4 Bg6 19. Qc2 h5 20. Nh2 hxg4 21. Nxg4
Qd6 22. Rd1 Qc7 23. f3 f5 24. exf5 cxd5 25. Nxd5 Rxd5 26. Rxd5 1-0

[Event "Challenge"]
[Site "http://www.queenalice.com/game.php?id=1068236"]
[Date "2012.6.5"]
[Round "-"]
[White "charles31"]
[Black "homoerectus"]
[Result "1/2-1/2"]
[WhiteElo "1883"]
[BlackElo "1810"]

1. e4 e5 2. Nf3 d6 3. h3 Nf6 4. Nc3 c5 5. a3 Bd7 6. Bc4 b5 7. Ba2 c4 8. d4 Be7
9. d5 Na6 10. Bg5 Nc5 11. b4 Ncxe4 12. Nxe4 Nxe4 13. Bxe7 Qxe7 14. O-O Nc3 15.
Qd2 Na4 16. c3 O-O 17. Bb1 f5 18. Nh2 Qf6 19. Ra2 e4 20. Rc1 Rae8 21. Qe3 Nb6
22. Rd2 Re5 23. Rcd1 f4 24. Qe2 e3 25. fxe3 Rxe3 26. Qh5 g6 27. Qh6 Qxc3 28. Nf3
Bf5 29. Bxf5 Rxf5 30. Ng5 Qg7 31. Qh4 h5 32. Ne6 Qf6 33. Qxf6 Rxf6 34. Kf2 Nxd5
35. Rxd5 Rfxe6 36. Rxb5 Rxa3 37. Rb7 a5 38. bxa5 Rxa5 39. Rb4 d5 40. Rb8+ Kg7
41. Rc8 Ra3 42. Rxd5 Ra2+ 43. Kf3 Re3+ 44. Kxf4 Rd3 45. Rdc5 Rf2+ 46. Ke4 Rxg2
47. Rxc4 Rxh3 48. R4c7+ Kh6 49. Rh8+ Kg5 50. Rc5+ Kh4 51. Rhc8 Rg4+ 52. Ke5 Rg5+
53. Kf6 Rxc5 54. Rxc5 g5 55. Rc4+ g4 56. Kg6 Rd3 57. Rc1 Rd6+ 58. Kf5 Kg3 59.
Rc3+ Kf2 60. Kg5 Rd5+ 61. Kh4 Rf5 62. Rc2+ Ke3 63. Ra2 Rd5 64. Ra3+ Kf4 65. Ra4+
Kf3 66. Ra3+ Kf4 67. Ra4+ Ke3 68. Ra3+ Kd4 69. Ra4+ Kc5 70. Rf4 Kd6 71. Ra4 Kc6
72. Rf4 Kd6 73. Ra4 Kc6 74. Rf4 Kd6 1/2-1/2

[Event "Challenge"]
[Site "http://www.queenalice.com/game.php?id=1068237"]
[Date "2012.6.5"]
[Round "-"]
[White "BIGJACK"]
[Black "homoerectus"]
[Result "1-0"]
[WhiteElo "1894"]
[BlackElo "1784"]

1. e4 e5 2. Nf3 d6 3. d4 Bg4 4. Be2 Bxf3 5. Bxf3 f6 6. d5 c5 7. c4 Nd7 8. Nc3
Nb6 9. b3 g5 10. Bh5+ Ke7 11. Qg4 Qd7 12. Qf3 Nh6 13. g4 Bg7 14. h4 Rhf8 15.
hxg5 fxg5 16. Bxg5+ Bf6 17. Bxh6 Rg8 18. g5 Bxg5 19. Qf7+ Kd8 20. Qxg8+ Kc7 21.
Qxg5 Nc8 22. Bg4 Qf7 23. Qg7 Qxg7 24. Bxg7 a6 25. Rxh7 Kb6 26. Rh8 Kc7 27. Na4
b5 28. Rxc8+ Rxc8 29. Bxc8 Kxc8 30. Nc3 b4 31. Ne2 Kd7 32. Kd2 a5 33. Rh1 Kc7
34. Rh7 Kc8 35. Bf8 1-0

[Event "Challenge"]
[Site "http://www.queenalice.com/game.php?id=1068318"]
[Date "2012.6.5"]
[Round "-"]
[White "jiujitsubr"]
[Black "homoerectus"]
[Result "1-0"]
[WhiteElo "1819"]
[BlackElo "1799"]

1. d4 d5 2. c4 e6 3. Nc3 Bb4 4. e3 Nf6 5. Bd3 Bxc3+ 6. bxc3 c6 7. Ne2 O-O 8. O-O
Nbd7 9. f3 a6 10. e4 e5 11. Be3 b6 12. Qc2 g6 13. cxd5 cxd5 14. Bg5 Bb7 15. f4
exf4 16. Nxf4 dxe4 17. Bxe4 Qc7 18. Bd3 Ng4 19. Rae1 f6 20. Bxg6 f5 21. Bxf5 Rf7
22. Bxg4 Nf6 23. Be6 Nd5 24. Bxf7+ Qxf7 25. Nxd5 Qxd5 26. Re5 Qd7 27. Qb3+ Kg7
28. Re7+ Qxe7 29. Bxe7 Bc6 30. Qf7+ Kh6 31. Rf6+ Kg5 32. Rxc6+ Kg4 33. Qf3# 1-0

[Event "Challenge"]
[Site "http://www.queenalice.com/game.php?id=1070476"]
[Date "2012.6.10"]
[Round "-"]
[White "tewald"]
[Black "homoerectus"]
[Result "1-0"]
[WhiteElo "1909"]
[BlackElo "1772"]

1. d4 d5 2. Nf3 c6 3. e3 Bg4 4. h3 Bxf3 5. Qxf3 e6 6. Bd3 Be7 7. Nd2 Nf6 8. c3
Nbd7 9. Qg3 Nh5 10. Qg4 g6 11. Nf1 f5 12. Qe2 b5 13. g4 Nhf6 14. f3 b4 15. c4
Qa5 16. c5 b3+ 17. Bd2 Qa4 18. Qd1 Rb8 19. Bc3 O-O 20. Nd2 Bxc5 21. axb3 Qxa1
22. Qxa1 Bb6 23. O-O fxg4 24. hxg4 Kg7 25. Kg2 h5 26. g5 Nh7 27. f4 Rh8 28. Qa4
Rbc8 29. Nf3 Nxg5 30. Nxg5 Nf6 31. Nxe6+ Kf7 32. Nc5 Ng4 33. Rf3 h4 34. Ba6 Rc7
35. f5 gxf5 36. Rxf5+ Kg6 37. Rf3 Re8 38. Bd2 Kh5 39. b4 Rg8 40. Kh1 Rg6 41. Be2
Rcg7 42. Rf5+ Kh6 43. e4+ Kh7 44. Rh5+ Kg8 45. Bxg4 Rxg4 46. Qd1 Bxc5 47. dxc5
Rxe4 48. Bc3 Rg3 49. Kh2 Rge3 50. Rh8+ Kf7 51. Qf1+ Ke6 52. Qf6+ Kd7 53. Qd6#
1-0